000 00472nam a2200181Ia 4500
008 170918s9999 xx 000 0 und d
020 _a64408272
050 _bB872 1999
100 _aBrooker, Gregory
245 4 _aThe adventures of Stuart little/
245 _cscreenplay by Gregory J. Brooker and Night Shyamalan.
260 _aColumbia :
260 _bHarperTrophy,
260 _c1999
300 _a64 pages :
300 _billustrations ;
300 _c19cm.
999 _c344098
_d344098